000 00729nam a22002177a 4500
999 _c65457
_d65457
005 20240530110825.0
008 190805s2018 ua ao f 000 0 ara d
017 _a2018/4205
_bمصر . دار الكتب
020 _a9789779117232
040 _aEG-CaGPL
082 0 4 _221
_a916.221
_bق/ر س
100 0 _aرشيد غمرى
245 1 0 _aسحر الواحات 2 /
_cرشيد غمرى
250 _aط.1
260 _aالقاهرة :
_bالهيئه المصرية العامة للكتاب،
_c2018
300 _a416 ص. :
_bايض. ؛
_c24 سم.
651 0 7 _aالواحات البحرية
_xتاريخ
651 0 7 _aواحه سيوة
_xتاريخ
942 _2ddc
_cBK